El niño / (Record no. 150325)

MARC details
000 -LEADER
campo de control de longitud fija 00694nam a2200205 i 4500
001 - NÚMERO DE CONTROL
campo de control 150325
003 - IDENTIFICADOR DE NÚMERO DE CONTROL
campo de control ES-MaACL
005 - FECHA Y HORA DE LA ÚLTIMA TRANSACCIÓN
campo de control 20250717013101.0
007 - CAMPO FIJO DE DESCRIPCIÓN FÍSICA--INFORMACIÓN GENERAL
campo de control de longitud fija t|
008 - DATOS DE LONGITUD FIJA--INFORMACIÓN GENERAL
campo de control de longitud fija 071029s1970 sp ||||1| spa d
100 1# - ENTRADA PRINCIPAL--NOMBRE DE PERSONA
Nombre de persona Vallès, Jules.
9 (RLIN) 112879
245 13 - MENCIÓN DEL TÍTULO
Título El niño /
Mención de responsabilidad, etc. Jules Vallès ; prólogo de Jorge Semprún ; nota crítica de Emile Zola ; [traductora Victoria Bastos de Lafora].
260 ## - PUBLICACIÓN, DISTRIBUCIÓN, ETC.
Lugar de publicación, distribución, etc. Madrid :
Nombre del editor, distribuidor, etc. Alianza,
Fecha de publicación, distribución, etc. [1970]
300 ## - DESCRIPCIÓN FÍSICA
Extensión 347 p. ;
Dimensiones 18 cm.
700 1# - ENTRADA AGREGADA--NOMBRE PERSONAL
Nombre de persona Semprún, Jorge,
Fechas asociadas al nombre 1923-2011
9 (RLIN) 105418
700 1# - ENTRADA AGREGADA--NOMBRE PERSONAL
Nombre de persona Zola, Émile,
Fechas asociadas al nombre 1840-1902
9 (RLIN) 118331
700 1# - ENTRADA AGREGADA--NOMBRE PERSONAL
Nombre de persona Bastos de Lafora, Victoria.
9 (RLIN) 26382
852 ## - LOCALIZACIÓN
Ubicación ES-MaACL
Número de control de estantería C-40453
Sublocalización o colección R.75201
Holdings
Estatus retirado Estado de pérdida Estado de daño No para préstamo Biblioteca de origen Biblioteca actual Ubicación en estantería Fecha de adquisición Fuente de adquisición Total de préstamos Signatura topográfica completa Código de barras Visto por última vez Precio de reemplazo Tipo de ítem Koha
        Biblioteca del Ateneo de Madrid Biblioteca del Ateneo de Madrid Depósito 2 17/01/2008     C-40453 1156861 23/02/2023 23/02/2023 Libro impreso